La crisis global y el capital ficticio
Tallennettuna:
| Päätekijät: | , |
|---|---|
| Aineistotyyppi: | Kirja |
| Kieli: | espanja |
| Julkaistu: |
Santiago
Arcis
2013
Santiago CLACSO 2013 |
| Painos: | 1a. ed |
| Sarja: | Colección Grupos de Trabajo
|
| Aiheet: | |
| Tagit: |
Lisää tagi
Ei tageja, Lisää ensimmäinen tagi!
|
MARC
| LEADER | 00000cam a2200000 a 4500 | ||
|---|---|---|---|
| 001 | UCE8416 | ||
| 003 | CL-VaPUC | ||
| 008 | 150731e20130000cl |||||||||||||||||spa|d | ||
| 020 | |a 9789569372032 | ||
| 082 | 0 | 4 | |a 332.042 |b SIL |2 21 |
| 100 | 0 | |a Silva Flores, Consuelo |e author |9 581146 | |
| 700 | |a Lara Cortés, Claudio |e author |9 581147 | ||
| 245 | 1 | 3 | |a La crisis global y el capital ficticio |
| 250 | |a 1a. ed | ||
| 300 | |a 145 p | ||
| 942 | |c BK | ||
| 945 | |d 20150731 12:25:00 |a gsalatino | ||
| 260 | |a Santiago |b Arcis |c 2013 | ||
| 260 | |a Santiago |b CLACSO |c 2013 | ||
| 650 | 0 | |a Crisis financiera |9 435234 | |
| 650 | 7 | |a CRISIS ECONOMICA |2 CL-VaPUC |9 581148 | |
| 650 | 0 | |a Capital |9 263726 | |
| 583 | |a last modification |c 20150731 12:25:00 |k Rodrigo Vera | ||
| 490 | 0 | |a Colección Grupos de Trabajo | |
| 999 | |c 360286 |d 360284 | ||
| 952 | |0 0 |1 0 |3 erb |4 0 |6 332_042000000000000_SIL_2013_2013 |7 0 |8 A |9 470003 |a BIBCUR |b BIBCUR |i 5192358 |o 332.042 SIL 2013 2013 |p 5192358 |r 2025-04-22 |w 2019-11-23 |y BK |z Catalogado en:20150731 |k PER | ||